Psicología educacional: un enfoque conductual
Spremljeno u:
| Glavni autori: | , |
|---|---|
| Format: | Knjiga |
| Jezik: | španjolski |
| Izdano: |
Buenos Aires
Paidós
1972
|
| Teme: | |
| Oznake: |
Dodaj oznaku
Bez oznaka, Budi prvi tko označuje ovaj zapis!
|
MARC
| LEADER | 00000nam a2200000 a 4500 | ||
|---|---|---|---|
| 001 | UCU0871 | ||
| 003 | CL-VaPUC | ||
| 008 | 960329e19720000AG |||||||||||||||||spa|d | ||
| 082 | 0 | 4 | |a 370.15 |b KEL |2 21 |
| 100 | |a Kelly, Francis J |e author |9 590907 | ||
| 700 | 0 | |a Cody, John J |e author |9 356330 | |
| 245 | 1 | 0 | |a Psicología educacional: un enfoque conductual |
| 300 | |a 348 p | ||
| 942 | |c BK | ||
| 945 | |d 19960329 00:00:00 |a cmena | ||
| 260 | |a Buenos Aires |b Paidós |c 1972 | ||
| 650 | 0 | |a Psicología educacional |9 307830 | |
| 650 | 0 | |a Comportamiento |9 308406 | |
| 650 | 0 | |a Psicología del niño |9 307305 | |
| 650 | 0 | |a Desarrollo mental |9 313003 | |
| 650 | 0 | |a Personalidad |9 307255 | |
| 650 | 0 | |a Psicología del adolescente |9 307864 | |
| 650 | 0 | |a Aprendizaje |9 254827 | |
| 650 | 0 | |a Procesos de aprendizaje |9 309161 | |
| 650 | 0 | |a Motivación |9 315362 | |
| 650 | 0 | |a Actitud del alumno |9 310214 | |
| 650 | 0 | |a Psicología social |9 222894 | |
| 650 | 0 | |a Adaptación escolar |9 308713 | |
| 650 | 7 | |a ORIENTACION EDUCACIONAL |2 CL-VaPUC |9 312512 | |
| 650 | 7 | |a RENDIMIENTO |2 CL-VaPUC |9 260872 | |
| 583 | |a last modification |c 19960329 00:00:00 |k Rodrigo Vera | ||
| 999 | |c 245654 |d 245652 | ||
| 952 | |0 0 |1 0 |4 0 |6 370_150000000000000_KEL_1972 |7 0 |8 P |9 260235 |a BIBEDU |b BIBEDU |c BIBEDU_PB |d 2019-11-19 |i 1635905 |o 370.15 KEL 1972 |p 1635905 |r 2024-01-25 |w 2019-11-19 |y BK |k EDU | ||